[Event "Pere Noel"]
[Site "Montreal CAN"]
[Date "1990.??.??"]
[Round "?"]
[White "Hebert, Jean"]
[Black "Desforges, Jean"]
[Result "1-0"]
[WhiteElo "2471"]
[BlackElo "2042"]
[PlyCount "75"]
[GameId "2160767912456126"]
[EventDate "1990.12.26"]
[EventType "swiss"]
[EventRounds "5"]
[EventCountry "CAN"]
[SourceTitle "EXT 2022"]
[Source "ChessBase"]
[SourceDate "2021.10.06"]
[SourceVersion "1"]
[SourceVersionDate "2021.10.06"]
[SourceQuality "1"]

1. d4 d5 2. c4 e6 3. Nf3 Nf6 4. Nc3 Be7 5. Bg5 O-O 6. Qc2 Ne4 7. Bxe7 Qxe7 8. e3 Nxc3 9. bxc3 Nd7 10. Bd3 dxc4 11. Bxh7+ Kh8 12. h4 g6 13. h5 g5 14. Nd2 b5 15. Be4 Rb8 16. a4 a6 17. Rb1 Qd6 18. O-O f5 19. Bf3 g4 20. Be2 c5 21. axb5 axb5 22. Rfd1 cxd4 23. cxd4 Nf6 24. e4 Nxh5 25. Qc3 Kg8 26. g3 Rd8 27. Qe3 f4 28. gxf4 Qxd4 29. Nxc4 Qf6 30. Rxd8+ Qxd8 31. Bxg4 Ng7 32. Ne5 Qf6 33. Rd1 Qe7 34. Qg3 Rb7 35. Nc6 Qf6 36. Rd8+ Kh7 37. Rxc8 b4 38. Ne5 1-0

[Event "Pere Noel"]
[Site "Montreal CAN"]
[Date "1990.12.29"]
[Round "4"]
[White "Hebert, Jean"]
[Black "Gravel, Simon M"]
[Result "1-0"]
[WhiteElo "2471"]
[BlackElo "2134"]
[PlyCount "39"]
[GameId "2160767912456135"]
[EventDate "1990.12.26"]
[EventType "swiss"]
[EventRounds "5"]
[EventCountry "CAN"]
[SourceTitle "FQE 08"]

1. d4 Nf6 2. c4 c5 3. d5 b5 4. cxb5 a6 5. e3 Bb7 6. Nc3 axb5 7. Bxb5 Qa5 8. Nge2 Nxd5 9. O-O e6 10. a4 Be7 11. e4 Nxc3 12. Nxc3 O-O 13. Bf4 d6 14. Bxd6 Rd8 15. Bxe7 Rxd1 16. Raxd1 Na6 17. Rd7 Qb6 18. Rfd1 h6 19. R1d6 Qa5 20. Rxb7 1-0

[Event "Sainte-Therese op"]
[Site "Sainte-Therese CAN"]
[Date "1990.10.06"]
[Round "2"]
[White "Poitras, Luc"]
[Black "Hebert, Jean"]
[Result "0-1"]
[WhiteElo "2071"]
[BlackElo "2477"]
[PlyCount "42"]
[GameId "2160767912464421"]
[EventDate "1990.10.06"]
[EventType "swiss"]
[EventRounds "4"]
[EventCountry "CAN"]

1. e4 e6 2. d4 d5 3. Nd2 Nf6 4. e5 Nfd7 5. Bd3 c5 6. c3 Nc6 7. Ne2 cxd4 8. cxd4 f6 9. exf6 Nxf6 10. O-O Bd6 11. Nf3 O-O 12. Re1 Qc7 13. Ng3 Bd7 14. Bg5 Ng4 15. Be3 Bf4 16. Ng5 Nf6 17. Rc1 Bxe3 18. Rxe3 Qf4 19. Nxe6 Bxe6 20. Rxe6 Ng4 21. f3 Qxd4+ 0-1

[Event "Sainte-Therese op"]
[Site "Sainte-Therese CAN"]
[Date "1990.10.07"]
[Round "3"]
[White "Hebert, Jean"]
[Black "Leveille, Francois"]
[Result "1-0"]
[WhiteElo "2477"]
[BlackElo "2365"]
[PlyCount "79"]
[GameId "2160767912464422"]
[EventDate "1990.10.06"]
[EventType "swiss"]
[EventRounds "4"]
[EventCountry "CAN"]

1. d4 d5 2. Nf3 Nf6 3. c4 c6 4. Nc3 dxc4 5. a4 Bf5 6. Ne5 Nbd7 7. Nxc4 Qc7 8. g3 e5 9. dxe5 Nxe5 10. Bf4 Rd8 11. Qc1 Bd6 12. Nxd6+ Qxd6 13. Bg2 a5 14. Qe3 Nfg4 15. Qb6 Qb4 16. Qxb4 axb4 17. Na2 Ng6 18. Bc7 Rd7 19. Bb6 b3 20. Nb4 N6e5 21. Rc1 Be6 22. Bh3 h5 23. f3 Nc4 24. Rxc4 Bxc4 25. fxg4 Be6 26. Nd3 Bxg4 27. Bxg4 hxg4 28. Nc5 Re7 29. Nxb3 Rh5 30. Bd4 f6 31. e3 c5 32. Nxc5 Rxc5 33. Bxc5 Rc7 34. b4 b6 35. Kd2 bxc5 36. b5 Re7 37. Rc1 Re4 38. a5 Ra4 39. a6 c4 40. Kc3 1-0

[Event "Montreal op"]
[Site "Montreal CAN"]
[Date "1990.09.01"]
[Round "1"]
[White "Hebert, Jean"]
[Black "Lacroix, Serge"]
[Result "1-0"]
[WhiteElo "2400"]
[BlackElo "2000"]
[PlyCount "67"]
[GameId "2160767912464493"]
[EventDate "1990.09.01"]
[EventType "swiss"]
[EventRounds "6"]
[EventCountry "CAN"]
[SourceTitle "Lacroix"]

1. d4 Nf6 2. c4 g6 3. Nc3 d5 4. cxd5 Nxd5 5. e4 Nxc3 6. bxc3 Bg7 7. Nf3 O-O 8. Be2 c5 9. Rb1 Qa5 10. O-O Qxc3 11. Rb3 Qa5 12. Rb5 Qxa2 13. Rxc5 Qe6 14. e5 Na6 15. Rc3 Nb4 16. Bc4 Qd7 17. Ba3 b5 18. Bxb4 bxc4 19. Re1 Bb7 20. Bc5 f6 21. e6 Qd5 22. Qa4 f5 23. Qxc4 Rf6 24. Bxe7 Rxe6 25. Rxe6 Qxc4 26. Rxc4 Bd5 27. Rec6 Rb8 28. Rc8+ Rxc8 29. Rxc8+ Kf7 30. Bc5 a5 31. Ng5+ Kf6 32. Nxh7+ Ke6 33. Rc7 Bh6 34. Re7# 1-0

[Event "Quebec-ch semi-rapide"]
[Site "Montreal CAN"]
[Date "1990.08.12"]
[Round "5"]
[White "Hebert, Jean"]
[Black "Levtchouk, George"]
[Result "1-0"]
[WhiteElo "2440"]
[BlackElo "2209"]
[PlyCount "55"]
[GameId "2160767912464519"]
[EventDate "1990.08.12"]
[EventType "swiss"]
[EventRounds "8"]
[EventCountry "CAN"]

1. d4 g6 2. e4 Bg7 3. Nc3 d6 4. Bg5 a6 5. Qd2 Nc6 6. d5 Nd4 7. Nd1 c5 8. c3 Nb5 9. h4 Nf6 10. f3 O-O 11. Bd3 e6 12. dxe6 Bxe6 13. Ne2 Qc7 14. Ne3 Rad8 15. Nf4 Qd7 16. h5 Nc7 17. hxg6 fxg6 18. O-O-O Bf7 19. g4 b5 20. Qh2 Bxa2 21. e5 dxe5 22. Bxg6 hxg6 23. Rxd7 Rxd7 24. Nxg6 Re8 25. Nf5 Bb3 26. Nxg7 Kxg7 27. Qh6+ Kf7 28. Nxe5+ 1-0

[Event "Quebec op"]
[Site "Montreal CAN"]
[Date "1990.??.??"]
[Round "?"]
[White "Rind, Bruce"]
[Black "Hebert, Jean"]
[Result "1-0"]
[WhiteElo "2395"]
[BlackElo "2405"]
[PlyCount "103"]
[GameId "2160767912464533"]
[EventDate "1990.08.04"]
[EventType "swiss"]
[EventRounds "8"]
[EventCountry "CAN"]
[SourceTitle "EXT 2002"]
[Source "ChessBase"]
[SourceDate "2001.11.25"]
[SourceVersion "1"]
[SourceVersionDate "2001.11.25"]
[SourceQuality "1"]

1. c4 e6 2. Nf3 Nf6 3. g3 b6 4. Bg2 Bb7 5. O-O Be7 6. b3 O-O 7. Bb2 d5 8. d3 c5 9. e3 Nbd7 10. Qe2 Rc8 11. Nc3 Qc7 12. Rac1 dxc4 13. bxc4 Rfd8 14. Rfe1 Bxf3 15. Bxf3 Ne5 16. Red1 Nxf3+ 17. Qxf3 Rd7 18. Rd2 Rcd8 19. Rcd1 Qb7 20. Kg2 h5 21. h3 Qxf3+ 22. Kxf3 Nh7 23. Ke2 f5 24. h4 Kf7 25. Kf1 Nf6 26. Ke1 Ng4 27. Ke2 Bf6 28. Nb5 Be7 29. f3 Nh6 30. a4 a6 31. Na3 f4 32. exf4 Nf5 33. Kf2 Rb7 34. Be5 Ke8 35. Rb1 g6 36. a5 b5 37. cxb5 c4 38. Nxc4 Rxb5 39. Rxb5 axb5 40. Nb6 Bc5+ 41. Kg2 Bb4 42. Rb2 Bxa5 43. Rxb5 Be1 44. g4 Nxh4+ 45. Kf1 Bg3 46. gxh5 gxh5 47. Ke2 Kf7 48. Bc7 Rd4 49. Rxh5 Nf5 50. Be5 Bxf4 51. Rxf5+ exf5 52. Bxd4 1-0

[Event "Quebec op"]
[Site "Montreal CAN"]
[Date "1990.08.04"]
[Round "1"]
[White "Hebert, Jean"]
[Black "Benjamin, Daniel"]
[Result "1-0"]
[WhiteElo "2460"]
[BlackElo "1980"]
[PlyCount "51"]
[GameId "2160767912464539"]
[EventDate "1990.08.04"]
[EventType "swiss"]
[EventRounds "8"]
[EventCountry "CAN"]
[SourceTitle "EXT 2022"]
[Source "ChessBase"]
[SourceDate "2021.10.06"]
[SourceVersion "1"]
[SourceVersionDate "2021.10.06"]
[SourceQuality "1"]

1. Nf3 c5 2. e3 Nf6 3. d4 e6 4. c4 cxd4 5. exd4 d5 6. Nc3 Nc6 7. a3 b6 8. cxd5 Nxd5 9. Bb5 Bb7 10. Ne5 Nxc3 11. bxc3 Rc8 12. Qa4 Qd5 13. Qxa7 Qxb5 14. Qxb7 Ne7 15. c4 Rxc4 16. Rb1 Qd5 17. Qxd5 Rxc1+ 18. Rxc1 exd5 19. Rc7 f6 20. Nd3 Kd8 21. Rb7 Nc6 22. O-O Nxd4 23. Rd1 Kc8 24. Rf7 Bxa3 25. Ra1 Nc2 26. Ra2 1-0

[Event "Quebec op"]
[Site "Montreal CAN"]
[Date "1990.08.05"]
[Round "2"]
[White "Cazelais, Marc"]
[Black "Hebert, Jean"]
[Result "0-1"]
[WhiteElo "2069"]
[BlackElo "2405"]
[PlyCount "58"]
[GameId "2160767912464546"]
[EventDate "1990.08.04"]
[EventType "swiss"]
[EventRounds "8"]
[EventCountry "CAN"]
[SourceTitle "EXT 2002"]
[Source "ChessBase"]
[SourceDate "2001.11.25"]
[SourceVersion "1"]
[SourceVersionDate "2001.11.25"]
[SourceQuality "1"]

1. e4 e6 2. d3 d5 3. Nd2 Nf6 4. Ngf3 Nc6 5. g3 dxe4 6. dxe4 Bc5 7. Bh3 a5 8. O-O h5 9. e5 Ng4 10. Ne4 Qxd1 11. Rxd1 Bb6 12. Bf4 Bd7 13. Bg2 Nb4 14. Rd2 Bc6 15. Nc3 Rd8 16. Rxd8+ Kxd8 17. Rf1 Nxc2 18. h3 Nh6 19. Bxh6 Rxh6 20. a3 Ke7 21. Rd1 Rh8 22. Rd2 Na1 23. b4 axb4 24. axb4 Ra8 25. b5 Be8 26. Ng5 Nb3 27. Rb2 Nc5 28. Nge4 Nd3 29. Rd2 Nxe5 0-1

[Event "Quebec op"]
[Site "Montreal CAN"]
[Date "1990.08.06"]
[Round "3"]
[White "Hebert, Jean"]
[Black "Berube, Richard"]
[Result "1/2-1/2"]
[WhiteElo "2405"]
[BlackElo "2260"]
[PlyCount "109"]
[GameId "2160767912464560"]
[EventDate "1990.08.04"]
[EventType "swiss"]
[EventRounds "8"]
[EventCountry "CAN"]
[SourceTitle "EXT 2002"]
[Source "ChessBase"]
[SourceDate "2001.11.25"]
[SourceVersion "1"]
[SourceVersionDate "2001.11.25"]
[SourceQuality "1"]

1. d4 Nf6 2. c4 g6 3. Nc3 Bg7 4. Nf3 O-O 5. e4 d6 6. Be2 e5 7. O-O Nc6 8. d5 Ne7 9. Ne1 Nd7 10. Nd3 f5 11. Bd2 Nf6 12. f3 f4 13. c5 g5 14. cxd6 cxd6 15. Nf2 Kh8 16. a4 h5 17. h3 Neg8 18. Nb5 Nh6 19. Bb4 Ne8 20. Qc2 Rf7 21. Rfc1 Bf8 22. Nxa7 Rc7 23. Ba5 Rxc2 24. Bxd8 Rxe2 25. Nxc8 Nf7 26. Bb6 Rxb2 27. a5 Kg7 28. Rc3 Kf6 29. Rac1 Nh6 30. Na7 Kf7 31. Kf1 Be7 32. Nd1 Rd2 33. R3c2 Rd3 34. Nc3 Bd8 35. Ke2 Bxb6 36. axb6 Re3+ 37. Kf2 g4 38. Ncb5 Rb3 39. Rc7+ Kg6 40. Rxb7 Rb2+ 41. Kf1 gxf3 42. gxf3 Rh2 43. Rc8 Rxc8 44. Nxc8 Rxh3 45. Kg2 Rg3+ 46. Kf2 h4 47. Ra7 h3 48. Ncxd6 Rg2+ 49. Kf1 Ng4 50. fxg4 f3 51. Nf7 h2 52. Nxe5+ Kh6 53. Nf7+ Kg6 54. Ne5+ Kh6 55. Nf7+ 1/2-1/2

[Event "Quebec op"]
[Site "Montreal CAN"]
[Date "1990.08.07"]
[Round "4"]
[White "Levtchouk, George"]
[Black "Hebert, Jean"]
[Result "0-1"]
[WhiteElo "2284"]
[BlackElo "2464"]
[PlyCount "88"]
[GameId "2160767912464568"]
[EventDate "1990.08.04"]
[EventType "swiss"]
[EventRounds "8"]
[EventCountry "CAN"]
[SourceTitle "EXT 2022"]
[Source "ChessBase"]
[SourceDate "2021.10.06"]
[SourceVersion "1"]
[SourceVersionDate "2021.10.06"]
[SourceQuality "1"]

1. d4 Nf6 2. c4 e6 3. Nc3 Bb4 4. Qc2 c5 5. dxc5 Bxc5 6. Nf3 b6 7. Bf4 Bb7 8. e3 O-O 9. Be2 h6 10. O-O-O d5 11. g4 Nbd7 12. g5 Nh5 13. Bg3 hxg5 14. cxd5 exd5 15. Nd4 Nhf6 16. Qf5 Be7 17. Kb1 Rc8 18. Rhg1 g6 19. Qh3 Re8 20. Qh6 Bf8 21. Qxg5 Rxc3 22. bxc3 Qc8 23. Rc1 Ne4 24. Qg4 Qd8 25. Bb5 Bc8 26. Qe2 Bg7 27. Rc2 Ndc5 28. Bxe8 Qxe8 29. Qb5 Bd7 30. Qb2 Ba4 31. Ka1 Nd3 32. Qb1 Qc8 33. Rgc1 Qc4 34. f3 Nec5 35. Be1 Nxc1 36. Rxc1 Nd3 37. Bd2 Nxc1 38. Qxc1 a5 39. Be1 Qd3 40. Bd2 Be5 41. h4 Bg3 42. h5 gxh5 43. f4 h4 44. Nf3 Qc2 0-1

[Event "Quebec op"]
[Site "Montreal CAN"]
[Date "1990.08.08"]
[Round "5"]
[White "Hebert, Jean"]
[Black "Ross, Dave"]
[Result "1-0"]
[WhiteElo "2464"]
[BlackElo "2309"]
[PlyCount "71"]
[GameId "2160767912464579"]
[EventDate "1990.08.04"]
[EventType "swiss"]
[EventRounds "8"]
[EventCountry "CAN"]

1. d4 e6 2. Nf3 c5 3. e3 Nf6 4. c4 d5 5. Nc3 Nc6 6. cxd5 exd5 7. Be2 Bd6 8. dxc5 Bxc5 9. O-O O-O 10. b3 a6 11. Bb2 Ba7 12. Na4 Ne4 13. Rc1 Re8 14. Nd4 Ne5 15. f3 Nf6 16. Qd2 Qd6 17. Bc3 Nc6 18. b4 Bd7 19. Nc5 Bxc5 20. bxc5 Qxc5 21. Nxc6 Qxc6 22. Bd4 Qe6 23. Rb1 Bc6 24. Bd3 Nd7 25. Qc2 Qh6 26. f4 Nf6 27. Rf3 Ne4 28. Qb2 g6 29. f5 gxf5 30. Rbf1 Bb5 31. Bxb5 axb5 32. Rxf5 Re6 33. Rxf7 Rg6 34. R7f5 Ra4 35. Rxd5 Ra8 36. Rh5 1-0

[Event "Quebec op"]
[Site "Montreal CAN"]
[Date "1990.08.09"]
[Round "6"]
[White "Barbeau, Sylvain"]
[Black "Hebert, Jean"]
[Result "0-1"]
[WhiteElo "2385"]
[BlackElo "2405"]
[PlyCount "64"]
[GameId "2160767912464586"]
[EventDate "1990.08.04"]
[EventType "swiss"]
[EventRounds "8"]
[EventCountry "CAN"]
[SourceTitle "EXT 2002"]
[Source "ChessBase"]
[SourceDate "2001.11.25"]
[SourceVersion "1"]
[SourceVersionDate "2001.11.25"]
[SourceQuality "1"]

1. c4 e5 2. Nc3 Bb4 3. Qc2 Nc6 4. e3 Nf6 5. Nf3 O-O 6. Nd5 d6 7. a3 Bc5 8. b4 Bb6 9. Nxb6 axb6 10. Bb2 Bg4 11. d3 Bxf3 12. gxf3 Nh5 13. b5 Nb8 14. d4 Re8 15. dxe5 dxe5 16. Rd1 Qe7 17. Bd3 Nf6 18. Bf5 Nbd7 19. Rg1 Nf8 20. Ke2 c6 21. bxc6 bxc6 22. Rd2 Ng6 23. Rgd1 Qc5 24. Rd6 Ne7 25. Be4 Nxe4 26. Qxe4 Nd5 27. R1xd5 cxd5 28. Rxd5 Qc8 29. Rb5 Re6 30. h4 Ra4 31. Kd3 Rd6+ 32. Rd5 f5 0-1

[Event "Quebec op"]
[Site "Montreal CAN"]
[Date "1990.08.10"]
[Round "7"]
[White "Hebert, Jean"]
[Black "Leveille, Francois"]
[Result "1-0"]
[WhiteElo "2405"]
[BlackElo "2325"]
[PlyCount "55"]
[GameId "2160767912472790"]
[EventDate "1990.08.04"]
[EventType "swiss"]
[EventRounds "8"]
[EventCountry "CAN"]
[SourceTitle "EXT 2002"]
[Source "ChessBase"]
[SourceDate "2001.11.25"]
[SourceVersion "1"]
[SourceVersionDate "2001.11.25"]
[SourceQuality "1"]

1. Nf3 d5 2. c4 c6 3. d4 Nf6 4. e3 e6 5. Nbd2 c5 6. dxc5 Bxc5 7. a3 a5 8. Qc2 Bb6 9. b3 O-O 10. Bb2 Nc6 11. Bd3 d4 12. O-O-O dxe3 13. Ne4 Nxe4 14. Bxe4 Qe7 15. Bxh7+ Kh8 16. fxe3 e5 17. Be4 Bxe3+ 18. Kb1 Bd4 19. Nxd4 Nxd4 20. Bxd4 exd4 21. Rxd4 Qxa3 22. Rf1 Ra6 23. c5 Be6 24. Rf3 f5 25. Ra4 Bxb3 26. Rxa3 Bxc2+ 27. Kxc2 g6 28. Bxb7 1-0

[Event "Quebec op"]
[Site "Montreal CAN"]
[Date "1990.08.11"]
[Round "8"]
[White "Stone, Raymond"]
[Black "Hebert, Jean"]
[Result "1/2-1/2"]
[WhiteElo "2345"]
[BlackElo "2405"]
[PlyCount "28"]
[GameId "2160767912472806"]
[EventDate "1990.08.04"]
[EventType "swiss"]
[EventRounds "8"]
[EventCountry "CAN"]
[SourceTitle "EXT 2002"]
[Source "ChessBase"]
[SourceDate "2001.11.25"]
[SourceVersion "1"]
[SourceVersionDate "2001.11.25"]
[SourceQuality "1"]

1. Nf3 d6 2. d4 Bg4 3. e3 e6 4. Be2 Nf6 5. c4 Nbd7 6. O-O c6 7. Nc3 d5 8. Bd3 Be7 9. h3 Bh5 10. b3 O-O 11. Bb2 e5 12. cxd5 exd4 13. exd4 Nxd5 14. Nxd5 cxd5 1/2-1/2

[Event "Montreal active"]
[Site "Montreal CAN"]
[Date "1990.07.28"]
[Round "4"]
[White "Hebert, Jean"]
[Black "Spraggett, Grant"]
[Result "1-0"]
[WhiteElo "2415"]
[BlackElo "2301"]
[PlyCount "47"]
[GameId "2160767912472857"]
[EventDate "1990.07.28"]
[EventType "swiss (rapid)"]
[EventRounds "5"]
[EventCountry "CAN"]

1. d4 Nf6 2. c4 g6 3. Nc3 d5 4. cxd5 Nxd5 5. e4 Nxc3 6. bxc3 Bg7 7. Bc4 c5 8. Ne2 O-O 9. O-O Nc6 10. Be3 Qc7 11. Rc1 Rd8 12. f4 b6 13. f5 gxf5 14. Ng3 Qd6 15. Bd5 e6 16. Bf4 Qd7 17. Bxc6 Qxc6 18. d5 exd5 19. exf5 Kh8 20. Qh5 Ba6 21. Rf3 Rd7 22. Qh4 Bf6 23. Qh6 Bb7 24. Nh5 1-0

[Event "Groupe Commerce"]
[Site "Thetford Mines CAN"]
[Date "1990.06.29"]
[Round "1"]
[White "Landry, Sylvain"]
[Black "Hebert, Jean"]
[Result "1/2-1/2"]
[WhiteElo "1988"]
[BlackElo "2477"]
[PlyCount "98"]
[GameId "2160767912472881"]
[EventDate "1990.06.29"]
[EventType "swiss"]
[EventRounds "5"]
[EventCountry "CAN"]
[SourceTitle "EXT 2022"]
[Source "ChessBase"]
[SourceDate "2021.10.06"]
[SourceVersion "1"]
[SourceVersionDate "2021.10.06"]
[SourceQuality "1"]

1. e4 e6 2. d4 d5 3. Nc3 Bb4 4. e5 Qd7 5. a3 Bf8 6. Nf3 b6 7. Bb5 c6 8. Ba4 Ba6 9. Ne2 Ne7 10. O-O Nf5 11. c3 Be7 12. Re1 Bxe2 13. Qxe2 h5 14. Bd2 Qb7 15. Rac1 Nd7 16. Bc2 g6 17. c4 dxc4 18. Qxc4 Rc8 19. Be4 Nb8 20. d5 exd5 21. Bxd5 Bc5 22. Be4 Ng7 23. Ng5 Rc7 24. b4 Bf8 25. e6 f5 26. Bf3 Be7 27. Nf7 O-O 28. Bf4 Rcc8 29. Qc3 Kh7 30. Nd6 Bxd6 31. Bxd6 Rfd8 32. Qe5 Ne8 33. Bxb8 Qxb8 34. Qxb8 Rxb8 35. Bxc6 Rd6 36. Bd7 Kg7 37. Bxe8 Rxe8 38. Rc7+ Kh6 39. e7 a6 40. Ra7 Kg5 41. g3 b5 42. Kg2 Kf6 43. h3 Rc6 44. h4 Kf7 45. Rb7 Rc3 46. Re3 Rxe3 47. fxe3 Rxe7 48. Rxe7+ Kxe7 49. Kf3 Ke6 1/2-1/2

[Event "Groupe Commerce"]
[Site "Thetford Mines CAN"]
[Date "1990.06.30"]
[Round "2"]
[White "Hebert, Jean"]
[Black "Morin, Louis"]
[Result "1-0"]
[WhiteElo "2477"]
[BlackElo "1898"]
[PlyCount "77"]
[GameId "2160767912472883"]
[EventDate "1990.06.29"]
[EventType "swiss"]
[EventRounds "5"]
[EventCountry "CAN"]
[SourceTitle "EXT 2022"]
[Source "ChessBase"]
[SourceDate "2021.10.06"]
[SourceVersion "1"]
[SourceVersionDate "2021.10.06"]
[SourceQuality "1"]

1. d4 Nf6 2. c4 e6 3. Nc3 d5 4. Nf3 Be7 5. Bf4 O-O 6. e3 c5 7. dxc5 Bxc5 8. Rc1 b6 9. cxd5 Nxd5 10. Nxd5 Qxd5 11. Qxd5 exd5 12. a3 a5 13. Bb5 Ba6 14. Bxa6 Nxa6 15. Ke2 Rac8 16. Rhd1 Rfd8 17. Rc3 Nc7 18. Bxc7 Rxc7 19. b4 axb4 20. axb4 Bd6 21. Rxc7 Bxc7 22. Nd4 Bd6 23. Nc6 Rc8 24. b5 Bc5 25. Rxd5 Kf8 26. Rd7 Ra8 27. Rb7 Ke8 28. Ne5 Ra5 29. Rb8+ Ke7 30. Nc6+ Kd6 31. Nxa5 bxa5 32. Kd3 Kc7 33. Ra8 Kb6 34. Kc4 Bb4 35. Rg8 Be1 36. Rxg7 a4 37. Rxf7 a3 38. Rf6+ Kb7 39. Kb3 1-0

[Event "Groupe Commerce"]
[Site "Thetford Mines CAN"]
[Date "1990.06.30"]
[Round "3"]
[White "Desforges, Jean"]
[Black "Hebert, Jean"]
[Result "0-1"]
[WhiteElo "2011"]
[BlackElo "2477"]
[PlyCount "82"]
[GameId "2160767912472885"]
[EventDate "1990.06.29"]
[EventType "swiss"]
[EventRounds "5"]
[EventCountry "CAN"]
[SourceTitle "EXT 2022"]
[Source "ChessBase"]
[SourceDate "2021.10.06"]
[SourceVersion "1"]
[SourceVersionDate "2021.10.06"]
[SourceQuality "1"]

1. d4 Nf6 2. c4 g6 3. Nc3 Bg7 4. e4 O-O 5. Be3 d6 6. f3 Nbd7 7. Qd2 c5 8. Nge2 a6 9. Nd5 b5 10. Nxf6+ Bxf6 11. cxb5 axb5 12. Nc3 b4 13. Nd5 Bg7 14. dxc5 Nxc5 15. Qxb4 Be6 16. Bxc5 dxc5 17. Qxc5 Bxd5 18. Qxd5 Qb6 19. Qb5 Qe3+ 20. Qe2 Bc3+ 21. bxc3 Qxc3+ 22. Kf2 Qxa1 23. Qc4 Rfc8 24. Qb3 Rxa2+ 25. Kg3 Qe5+ 26. Kh3 Rb2 27. Qa3 Rcc2 28. Qe3 Kg7 29. Qe1 f5 30. Qg3 f4 31. Qh4 g5 32. Qg4 Rb6 33. Qf5 Qxf5+ 34. exf5 Rh6+ 35. Kg4 Kf6 36. g3 Rcxh2 37. Rxh2 Rxh2 38. gxf4 Rh4+ 39. Kg3 Rxf4 40. Bd3 h5 41. Bc2 Rxf5 0-1

[Event "Groupe Commerce"]
[Site "Thetford Mines CAN"]
[Date "1990.07.01"]
[Round "4"]
[White "Hebert, Jean"]
[Black "Saint-Pierre, Benoit"]
[Result "1-0"]
[WhiteElo "2477"]
[BlackElo "2101"]
[PlyCount "57"]
[GameId "2160767912472888"]
[EventDate "1990.06.29"]
[EventType "swiss"]
[EventRounds "5"]
[EventCountry "CAN"]
[SourceTitle "EXT 2022"]
[Source "ChessBase"]
[SourceDate "2021.10.06"]
[SourceVersion "1"]
[SourceVersionDate "2021.10.06"]
[SourceQuality "1"]

1. d4 Nf6 2. Nf3 e6 3. Bg5 c5 4. e3 Qb6 5. Nbd2 Nc6 6. Nc4 Qc7 7. Bf4 Qd8 8. c3 d5 9. Nce5 cxd4 10. exd4 Qb6 11. Bd3 Be7 12. Qe2 Nd7 13. Ng4 Nf6 14. h3 Bd7 15. Nge5 Nxe5 16. dxe5 Ne4 17. O-O Nc5 18. Be3 Qc7 19. Bc2 a6 20. a4 Rc8 21. Rfd1 O-O 22. Rd4 f5 23. exf6 Rxf6 24. Bxh7+ Kxh7 25. Ng5+ Kg8 26. Qh5 Rh6 27. Qf7+ Kh8 28. Qxe7 Be8 29. Qf8# 1-0

[Event "Groupe Commerce"]
[Site "Thetford Mines CAN"]
[Date "1990.07.01"]
[Round "5"]
[White "Hebert, Jean"]
[Black "Chabot, Roland"]
[Result "1-0"]
[WhiteElo "2477"]
[BlackElo "2216"]
[PlyCount "98"]
[GameId "2160767912472891"]
[EventDate "1990.06.29"]
[EventType "swiss"]
[EventRounds "5"]
[EventCountry "CAN"]
[SourceTitle "EXT 2022"]
[Source "ChessBase"]
[SourceDate "2021.10.06"]
[SourceVersion "1"]
[SourceVersionDate "2021.10.06"]
[SourceQuality "1"]

1. d4 f5 2. g3 e6 3. Bg2 Nf6 4. c4 Be7 5. Nf3 d6 6. O-O O-O 7. Nc3 Qe8 8. Re1 Nbd7 9. Ng5 Nb6 10. b3 h6 11. Nf3 Bd7 12. a4 Rd8 13. a5 Nc8 14. Qc2 c6 15. a6 b6 16. Bb2 Qh5 17. e4 fxe4 18. Nxe4 Nxe4 19. Qxe4 Qf5 20. Qe3 Rf7 21. Nd2 Rdf8 22. Re2 Qh5 23. Rf1 g5 24. Ree1 d5 25. c5 b5 26. Bc3 Bf6 27. Nf3 g4 28. Ne5 Bxe5 29. Qxe5 Qf5 30. Qe3 Ne7 31. Bd2 Rf6 32. Ba5 Kh7 33. Bc7 Ng6 34. f4 h5 35. Rf2 Ne7 36. Bd6 R6f7 37. Bf1 Kg8 38. Bd3 Qf6 39. f5 Nxf5 40. Bxf5 exf5 41. Bxf8 Rxf8 42. Qf4 Kg7 43. Qc7 Rf7 44. Re5 Qh6 45. Rf4 h4 46. Re3 hxg3 47. hxg3 Qh3 48. Rf2 f4 49. Qe5+ Kg6 1-0

[Event "Quebec-ch"]
[Site "Montreal CAN"]
[Date "1990.06.04"]
[Round "1"]
[White "Roy, Alain"]
[Black "Hebert, Jean"]
[Result "0-1"]
[WhiteElo "2169"]
[BlackElo "2405"]
[PlyCount "106"]
[GameId "2160767912472903"]
[EventDate "1990.06.04"]
[EventType "tourn"]
[EventRounds "9"]
[EventCountry "CAN"]
[SourceTitle "EXT 90b"]

1. Nf3 Nf6 2. g3 d5 3. Bg2 Bf5 4. O-O e6 5. d3 c6 6. Nbd2 h6 7. b3 a5 8. Bb2 a4 9. a3 axb3 10. cxb3 Be7 11. b4 O-O 12. Nb3 Nbd7 13. Rc1 Re8 14. d4 Ne4 15. Ne5 Nd6 16. Nxd7 Qxd7 17. Nc5 Qc7 18. Qb3 Nc4 19. Rxc4 dxc4 20. Qxc4 Bxc5 21. Qxc5 f6 22. e4 Bg6 23. f4 Qd7 24. g4 f5 25. gxf5 exf5 26. e5 Bf7 27. Qc2 Bd5 28. Bh3 Rf8 29. Re1 Rae8 30. Re3 Qf7 31. Bf1 Re6 32. Rg3 Rg6 33. Qf2 h5 34. Rxg6 Qxg6+ 35. Qg3 Qf7 36. Be2 Kh7 37. Qg5 g6 38. Kf2 b6 39. Qg3 Rc8 40. Qe3 Qe7 41. Qh3 Kg8 42. Qg3 Kf7 43. Qh3 Ke6 44. Qg3 Qf7 45. Qg5 Kd7 46. Bc3 Ra8 47. Bb2 Kc7 48. b5 cxb5 49. Bxb5 Kb7 50. Bd3 Rc8 51. Qg1 Be4 52. Qd1 Bxd3 53. Qxd3 Qa2 0-1

[Event "Quebec-ch"]
[Site "Montreal CAN"]
[Date "1990.06.05"]
[Round "2"]
[White "Hebert, Jean"]
[Black "Barbeau, Sylvain"]
[Result "1-0"]
[WhiteElo "2405"]
[BlackElo "2385"]
[PlyCount "83"]
[GameId "2160767912472907"]
[EventDate "1990.06.04"]
[EventType "tourn"]
[EventRounds "9"]
[EventCountry "CAN"]

1. d4 d5 2. c4 e5 3. e3 exd4 4. exd4 Nc6 5. Nc3 Bb4 6. c5 Qe7+ 7. Be2 Nf6 8. Nf3 Ne4 9. Bd2 Be6 10. O-O O-O 11. Bb5 Bxc3 12. Bxc3 Bg4 13. Bxc6 bxc6 14. h3 Bxf3 15. Qxf3 f5 16. Qd3 Qh4 17. Ba5 Rf7 18. f3 Ng5 19. Be1 Qh5 20. Bg3 Qg6 21. h4 Ne6 22. Be5 Qh5 23. Qa6 Nd8 24. g3 Qg6 25. Rae1 h5 26. Re2 Re7 27. Kf2 Qe8 28. Rfe1 Qd7 29. Bxc7 Rxe2+ 30. Qxe2 Nf7 31. Bf4 Qb7 32. b3 Qb4 33. Qd2 Qb5 34. Re7 a5 35. Qe3 Qb4 36. Re8+ Rxe8 37. Qxe8+ Kh7 38. Qxf7 Qxd4+ 39. Kg2 Qd3 40. Qxh5+ Kg8 41. Qe8+ Kh7 42. Qe3 1-0